Statystyki dla Paris Saint-Germain 2019/2020

Kliknij tutaj aby rozwiązać quiz!

Ogólne statystyki

  • Ten quiz został rozwiązany 295 razy
  • Średni wynik to 15 z 32

Statystyki odpowiedzi

PozycjaImię i Nazwisko% Poprawnych
NapastnikNeymar
94%
NapastnikKylian Mbappe
93%
BramkarzKeylor Navas
91%
ObrońcaThiago Silva
83%
NapastnikEdison Cavani
82%
PomocnikMarco Verratti
80%
PomocnikAngel Di Maria
77%
ObrońcaMarquinhos
71%
ObrońcaPresnel Kimpembe
68%
BramkarzMarcin Bułka
67%
NapastnikMauro Icardi
63%
ObrońcaJuan Bernat
62%
BramkarzAlphonse Areola
60%
ObrońcaLayvin Kurzawa
58%
ObrońcaThomas Meunier
54%
PomocnikJulian Draxler
51%
NapastnikEric-Maxim Choupo-Moting
44%
BramkarzSergio Rico
44%
ObrońcaThilo Kehrer
41%
PomocnikIdrissa Gueye
39%
PomocnikPablo Sarabia
37%
PomocnikLeandro Paredes
35%
ObrońcaAbdou Diallo
33%
PomocnikAnder Herrera
33%
ObrońcaColin Dagba
19%
ObrońcaMitchel Bakker
7%
BramkarzGarissone Innocent
5%
ObrońcaLoic Mbe Soh
4%
PomocnikAdil Aouchiche
3%
ObrońcaStanley N'Soki
3%
ObrońcaTanguy Kouassi
3%
ObrońcaArthur Zagre
2%

Rozkład punktacji

Percentyl według liczby udzielonych odpowiedzi

Procent ludzi z każdym wynikiem

Twoja historia wyników

Nie rozwiązałeś tego quizu